000 00942nam a22003017a 4500
003 CHAP
005 20220329134325.0
008 971013s1985 enka r 00010 eng d
010 _a18760
011 _a19732
035 _a23817
040 _cCHAP
082 0 4 _a581.192
_bD4
100 0 0 _aDey, P. M.
_eed.
_932353
245 1 _aBiochemistry of storage carbohydrates in green plants
260 _aLondon :
_bAcademic Press,
_c1985
300 _a378 p.
_b: ilus. ; gráfs.
590 _aBATCH-UPD
_b10
_c20130110
_lUCH01
_h2021
590 _aBATCH-UPD
_b10
_c20130410
_lUCH01
_h1339
590 _aBATCH-UPD
_b10
_c20130914
_lUCH01
_h1619
590 _aCONVERSION
_b10
_c20130109
_lUCH01
_h1311
650 1 4 _aPlantas
_xCarbohidratos en.
_988794
650 1 4 _aQuímica vegetal.
_993602
700 0 _aDixon, R. A.
_eed.
_933062
901 _aBK
942 _cLIBRO
949 _a581.192 D4
_bBC
_cLIBRO
_d33724000510871
_eLIBRO
_gI.132335
_h69082
_i23817
_si
999 _c18760
_d18760